| 000 | 00499nam a22001817a 4500 | ||
|---|---|---|---|
| 999 |
_c7809 _d7809 |
||
| 003 | OSt | ||
| 005 | 20220315101203.0 | ||
| 008 | 220315b ||||| |||| 00| 0 eng d | ||
| 020 | _a9781615253845 | ||
| 040 | _cNLM | ||
| 082 | _aWW220 E84a 2013 | ||
| 245 | _aExternal Disease and Cornea. Section 8 2013-2014 | ||
| 260 |
_aSingapore: _bAmerican Academy of Ophthalmology; _c2013. |
||
| 300 |
_axv,494p.: _bill; _c25cm. |
||
| 504 | _aIncludes Index. | ||
| 650 |
_aOpthalmology. _94663 |
||
| 942 |
_2z _cBOOK |
||